Globálne aspekty Izraelsko-palestínskeho konfliktu
Politicko-historické pozadie vzniku štátu Izrael a jeho dopady. Izraelsko-palestínsky konflikt - kľúčové otázky.
Salvato in:
| Autore principale: | |
|---|---|
| Natura: | Capitolo di libro |
| Lingua: | slovacco |
| Soggetti: | |
| Tags: |
Nessun Tag, puoi essere il primo ad aggiungerne!!
|
MARC
| LEADER | 00000naa a2200000 4500 | ||
|---|---|---|---|
| 001 | 0124251 | ||
| 005 | 20231127085524.5 | ||
| 041 | 0 | |a slo | |
| 044 | |a SK | ||
| 245 | 1 | 0 | |a Globálne aspekty Izraelsko-palestínskeho konfliktu |c Zuzana Koutná |
| 520 | |a Politicko-historické pozadie vzniku štátu Izrael a jeho dopady. Izraelsko-palestínsky konflikt - kľúčové otázky. | ||
| 610 | 2 | 0 | |a Izrael |
| 610 | 2 | 0 | |a Palestína |
| 610 | 2 | 0 | |a konflikty náboženské |
| 610 | 2 | 0 | |a konflikty medzinárodné |
| 100 | 1 | |a Koutná, Zuzana | |